000 00670nam a2200229 a 4500
008
049 _aMAIN
090 _aQK47
_bMCL
100 1 _aMcLean, R.C.
245 1 0 _aTexbook of theoretical botany /
_cR.C. McLean and W.R. Ivimey-Cook.
260 _aLondon :
_bLongmans Green and Co.,
_c1956.
300 _axiii, 1071-2201 p. :
_bill. ;
_c 25 cm.
500 _aIncludes index.
504 _aIncludes bibliographical references.
650 1 _aBotany.
700 _aIvimey-Cook, W.R..
907 _a.b10309421
_b07-11-13
_c27-02-12
003
005 20230123125413.0
040 _cNUST
942 _cBOOKS
_kQK47
_mMCL
999 _c140932
_d140932